ბათუმის შოთა რუსთაველის სახელმწიფო უნივერსიტეტის ბიბლიოთეკა

Standart operation procedures (SOP)for laboratory. (ბიბ.ჩანაწერი № 35794)

000 -LEADER
fixed length control field 00826nam a2200217Ia 4500
001 - CONTROL NUMBER
control field 1678
003 - CONTROL NUMBER IDENTIFIER
control field GE_BSU
008 - FIXED-LENGTH DATA ELEMENTS--GENERAL INFORMATION
fixed length control field 181216s||||||||xx |||||||||||||| ||und||
040 ## - CATALOGING SOURCE
Transcribing agency GE_BSU
080 ## - UNIVERSAL DECIMAL CLASSIFICATION NUMBER
Universal Decimal Classification number 665.6
245 ## - TITLE STATEMENT
Title Standart operation procedures (SOP)for laboratory.
245 ## - TITLE STATEMENT
Remainder of title პროცედურების ჩატარების სტანდარტები (SOP).
260 ## - PUBLICATION, DISTRIBUTION, ETC.
Place of publication, distribution, etc. ბათუმი.
260 ## - PUBLICATION, DISTRIBUTION, ETC.
Date of publication, distribution, etc. 2008.
300 ## - PHYSICAL DESCRIPTION
Extent 109გვ;29სმ.
520 ## - SUMMARY, ETC.
Summary, etc. ინგლისურიდან შემოკლებული თარგმანი რუსულ ენაზე.
653 ## - INDEX TERM--UNCONTROLLED
Uncontrolled term Standart operation procedures
653 ## - INDEX TERM--UNCONTROLLED
Uncontrolled term პროცედურების ჩატარების სტანდარტები (SOP).
942 ## - ADDED ENTRY ELEMENTS (KOHA)
Koha item type წიგნი
ეგზემპლარები
Withdrawn status Lost status Damaged status Not for loan Date acquired Barcode Date last seen Price effective from Koha item type
        2018-12-17 3254 2018-12-17 2018-12-17 წიგნი